=LDR 00000nam 2200000 4500 =001 INLIS000000000043575 =005 20131008103440 =008 ***********************************ind** =035 ##$$a0010-101300000001497 =041 ##$$a ind =082 ##$$a 378 =090 ##$$a 378, Ihs d =100 ##$$a Ihsan, Fuad =245 ##$$a Dasar-dasar kependidikan, Fuad Ihsan =260 ##$$a 2005 $b Jakarta =300 ##$$a ix, 254 hlm, 20 cm =650 ##$$a Pendidikan Tinggi =850 ##$$a NBPNMAT =990 ##$$a 0001/BPAP-NTB/20142014